Derecho y diversidad sexual /

Contenido: I) Derecho y homosexualidad: 1. Referencias conceptuales; 2. Evolución del concepto de homosexualidad y de familia; 3. El lesbianismo; II) Efectos jurídicos de las uniones de parejas del mismo sexo en el derecho penal, civil y laboral a través de la historia jurídica colombiana: 1. Unione...

Celý popis

Uloženo v:
Podrobná bibliografie
Hlavní autor: Restrepo Múnera, Carolina (autor)
Další autoři: Sánchez Pineda, Sandra Milena (autor) (autor), Tamayo Sepúlveda, Catalina (autor) (autor)
Médium: Kniha
Jazyk:španělština
Vydáno: Medellín, Colombia : Universidad de Medellín, 2010, c2010
Témata:
Tagy: Přidat tag
Žádné tagy, Buďte první, kdo vytvoří štítek k tomuto záznamu!

MARC

LEADER 00000nam^a2200000^a^4500
001 000307455
005 20250521000000.0
009 20260310112848.463
020 |a 978-958-8348-92-6 
037 |a Acervo ITESO - Biblioteca 
041 |a ESP 
082 |a 344. 861048  |b RES 
100 |a Restrepo Múnera, Carolina  |e (autor) 
245 1 0 |a Derecho y diversidad sexual /  |c C. Restrepo Múnera, S.M. Sánchez Pineda, C. Tamayo Sepúlveda. 
264 4 |a Medellín, Colombia :  |b Universidad de Medellín,  |c 2010, c2010 
300 |a 231 p. 
336 |a texto  |b txt  |2 rdacontenido 
337 |a sin mediación  |b n  |2 rdamedio 
338 |a volumen  |b nc  |2 rdasoporte 
520 |a Contenido: I) Derecho y homosexualidad: 1. Referencias conceptuales; 2. Evolución del concepto de homosexualidad y de familia; 3. El lesbianismo; II) Efectos jurídicos de las uniones de parejas del mismo sexo en el derecho penal, civil y laboral a través de la historia jurídica colombiana: 1. Uniones de parejas del mismo sexo y homosexualidad en el derecho penal, civil y laboral del período precolombino: derecho indígena; 2. Uniones de parejas del mismo sexo y homosexualidad en el derecho civil de los períodos colonial (derecho indiano) y republicano (derecho colombiano); 3. Uniones de parejas del mismo sexo y homosexualidad en el derecho laboral de los períodos colonial (derecho indiano) y republicano (derecho colombiano); III) Manifestaciones de reconocimiento o negación de las relaciones entre parejas del mismo sexo en el derecho constitucional colombiano, específicamente en su jurisprudencia constitucional: 1. Corte Constitucional colombiana, homosexualidad y uniones de parejas del mismo sexo; 2. Derechos fundamentales objeto de pronunciamiento por parte de la Corte Constitucional colombiana en relación a las personas homosexuales; 3. Ultimas demandas de inconstitucionalidad; IV) Derecho internacional, uniones de parejas del mismo sexo y matrimonio homosexual: 1. Derecho internacional en su contexto general; 2. Derecho internacional privado colombiano; 3. Modelo tradicional colombiano: la familia matrimonial; 4. Matrimonio homosexual: calificación del supuesto de hecho; V) Análisis de los proyectos de ley sobre parejas del mismo sexo en Colombia y su incidencia en el debate socio-político sobre el tema de los derechos homosexuales: 1. Enunciación y análisis de las iniciativas legales; 2. Posturas de los candidatos a la presidencia de la República en torno al tema de la homosexualidad; 3. Posturas que se observan con relación a las sentencias de la corte constitucional. 
649 |a XX 
650 |a Homosexuales -  |z Colombia -  |x Condiciones Jurídicas 
650 |a Transexuales -  |z Colombia -  |x Condiciones Jurídicas 
650 |a Minorías -  |z Colombia -  |x Condiciones Jurídicas 
650 |a Uniones de Hecho -  |z Colombia -  |x Aspectos Jurídicos 
650 |a Matrimonio Gay -  |z Colombia -  |x Aspectos Jurídicos 
650 |a Homosexualidad -  |z Colombia -  |x Aspectos Jurídicos -  |x Tema Principal 
650 |a Transexualismo -  |z Colombia -  |x Aspectos Jurídicos -  |x Tema Principal 
650 |a Prácticas Sexuales -  |z Colombia -  |x Aspectos Jurídicos 
650 |a Sexualidad -  |z Colombia -  |x Aspectos Jurídicos 
650 |a Derechos Humanos -  |z Colombia 
650 |a Derecho Social -  |z Colombia 
650 |a Derecho Laboral -  |z Colombia 
650 |a Derecho Penal -  |z Colombia 
650 |a Derecho Público -  |z Colombia 
700 |a Sánchez Pineda, Sandra Milena  |e (autor) 
700 |a Tamayo Sepúlveda, Catalina  |e (autor) 
910 |a Fondo General 
920 |a Impresos - Libros 
930 |a Colección General 
905 |a 101 
901 |a 0500193906  |b IT1  |c ACC  |i C126911  |u 20250521 
902 |a https://opac.biblio.iteso.mx/vufind/Record/000307455